|
|
|
|
| LEADER |
01009nam a2200229 u 4500 |
| 001 |
GrIoPKV-79218 |
| 003 |
GR-PaULI |
| 005 |
20240119085940.0 |
| 008 |
080520s2009 gr f gre |
| 952 |
|
|
|0 0
|1 0
|2 ddc
|4 0
|6 330_015000000000000_195_ΒΕΝ
|7 0
|9 241654
|a LISP
|b LISP
|c BSC
|d 2020-07-02
|i 147721
|l 1
|o 330.015 195 ΒΕΝ
|p 025000274573
|r 2022-11-03 00:00:00
|s 2022-10-13
|t 1
|v 2020.00
|w 2020-07-02
|y BK15
|
| 999 |
|
|
|c 145811
|d 145811
|
| 020 |
|
|
|a 9789603877448
|
| 040 |
|
|
|a GR-PaULI
|b gre
|c GR-PaULI
|e AACR2
|
| 082 |
1 |
4 |
|a 330.015 195
|2 23
|
| 100 |
1 |
|
|a Βενέτης, Ιωάννης Α.
|e συγγραφέας.
|9 20964
|
| 245 |
1 |
0 |
|a Εισαγωγικές διαλέξεις στην oικονομετρία /
|b
|c Ιωάννης Α. Βενέτης.
|
| 260 |
|
|
|a Αθήνα :
|b Γκιούρδας,
|c 2009.
|
| 300 |
|
|
|a xiii, 423 σ. :
|b εικ. ;
|c 24 εκ.
|
| 504 |
|
|
|a Περιλαμβάνει βιβλιογραφία.
|
| 650 |
|
4 |
|a Οικονομετρία
|9 1565
|
| 942 |
|
|
|2 ddc
|c BK15
|
| 998 |
|
|
|c ΜΠΟΥΡΑΣ
|d 2020-07
|